000 01211nam a22002897a 4500
001 1090
005 20230804080554.0
008 230721b cb ||||| |||| 00| 0 khr d
020 _a9789924340270
040 _aFISKH
_beng
_cFISKH
_dFISKH
082 _a629.224
100 _aVanthary, Oum
245 _aយានជំនិះ /
246 _aVehicles
250 _aSipar 3th printing, April 2021.
260 _aPhnom Penh :
_bSipar,
_c2021.
300 _a12 unnumbered pages :
_bcolor illustrations ;
_c17 cm.
505 _aaa
520 _aសៀវភៅរូបភាពនេះពណ៍នាអំពីយានជំនិះដែលកុមាប្រទះឃើញនៅជុំវិញខ្លួនរបស់ពួកគេ។ សម្រាប់ក្មេងអាយុ១ឆ្នាំឡើងទៅ
520 _aThis picture book introduces kids to commonly encountered vehicle words.
521 _a10
_bLexile estimate
521 _aaa
_bRaz-Plus
650 _aយាន្តជំនិះ
_vតាមដងផ្លូវ
_xរូបភាព
650 _aVehicles
_von the road
_xPictures
700 _aVisoth, Seng
942 _2ddc
_cBK
_n0
999 _c1090
_d1090